<?xml version="1.0" encoding="UTF-8"?>
<collection xmlns="http://www.loc.gov/MARC21/slim">
 <record>
  <leader>02067nam a2200217Ia 4500</leader>
  <controlfield tag="001">CTU_85394</controlfield>
  <controlfield tag="008">210402s9999    xx            000 0 und d</controlfield>
  <datafield tag="082" ind1=" " ind2=" ">
   <subfield code="a">632.9</subfield>
  </datafield>
  <datafield tag="082" ind1=" " ind2=" ">
   <subfield code="b">H103</subfield>
  </datafield>
  <datafield tag="088" ind1=" " ind2=" ">
   <subfield code="a">606201</subfield>
  </datafield>
  <datafield tag="100" ind1=" " ind2=" ">
   <subfield code="a">Trần, Thanh Hải</subfield>
  </datafield>
  <datafield tag="245" ind1=" " ind2="0">
   <subfield code="a">Khảo sát ảnh hưởng của điều kiện thời tiết và cây ký chủ đến sự biến động mật số hàng năm  của sâu xanh da láng, Spodoptera exigua hubner (noctuidaf, lepidoptera) trên rau màu quanh Thành phố Cần thơ</subfield>
  </datafield>
  <datafield tag="245" ind1=" " ind2="0">
   <subfield code="c">Trần Thanh Hải</subfield>
  </datafield>
  <datafield tag="260" ind1=" " ind2=" ">
   <subfield code="a">Cần Thơ</subfield>
  </datafield>
  <datafield tag="260" ind1=" " ind2=" ">
   <subfield code="b">Trường Đại học Cần Thơ</subfield>
  </datafield>
  <datafield tag="260" ind1=" " ind2=" ">
   <subfield code="c">2003</subfield>
  </datafield>
  <datafield tag="520" ind1=" " ind2=" ">
   <subfield code="a">Sâu xanh da láng S. exigua là một trong những loài côn trùng  gây hại quan trọng trên rau màu như đậu nành, đậu xanh, hành ớt, cà chua.... Kết quả điều tra cho thấy: Mật số ấu trùng bắt đầu tăng  từ cuối tháng 11 và đạt đến cao điểm vào tháng 4, rồi giảm nhanh cho đến thấp nhất từ thàng 5 đến tháng 10. Trong các tháng mùa mưa ảnh hưởng đến sự ngập úng và không thê trồng rau màu- cây kí chủ chính của S. exigua- nên mật số giảm còn rất thấp, mặc dù ít sâu vẫn có thể sống tiềm tàng đâu đó và vũ hóa được từ các cây ký chủ phụ. Kết quả thử nghiệm cho thấy, trong đó đậu nành , hành lá, cải bẹ trắng...đựơc sâu ưa thích nhất. Do vậy sự đẻ trứng của thành trùng tăng lên đáng kể và tỉ lệ thiệt hại của chúng qua các ngày quan sát cũng có sự thay đổi rõ rệt</subfield>
  </datafield>
  <datafield tag="650" ind1=" " ind2=" ">
   <subfield code="a">Plants, protection of,Plant,Spodoptera exigua</subfield>
  </datafield>
  <datafield tag="650" ind1=" " ind2=" ">
   <subfield code="x">Diseases and pests resistance</subfield>
  </datafield>
  <datafield tag="904" ind1=" " ind2=" ">
   <subfield code="i">Mai Loan</subfield>
  </datafield>
  <datafield tag="980" ind1=" " ind2=" ">
   <subfield code="a">Trung tâm Học liệu Trường Đại học Cần Thơ</subfield>
  </datafield>
 </record>
</collection>
